Toutes les communes de la Corrèze sur une carte - Statistiques

Statistiques générales
  • Ce quiz a été pris 454 fois
    321 depuis la dernière actualisation
  • Le résultat moyen est 62 sur 277
Réponses sur la Carte
Les réponses sont colorées sur une échelle allant du rouge au vert en fonction du pourcentage des utilisateurs qui les ont devinées à leur premier essai. Vous pouvez retrouver ces pourcentages ci-dessous.
 
Statistiques - réponses
Initiale Réponse Population (2021) % Correct
B Brive-la-Gaillarde 46 599
99%
T Tulle 13 992
97%
U Ussel 9 159
88%
É Égletons 4 293
73%
M Malemort 8 027
71%
U Uzerche 2 798
69%
M Meymac 2 279
62%
A Argentat-sur-Dordogne 2 869
61%
U Ussac 4 253
59%
O Objat 3 699
58%
C Corrèze 1 162
54%
Sᵗ Saint-Pantaléon-de-Lapleau 65
54%
Sᵗ Saint-Pantaléon-de-Larche 4 883
54%
B Bort-les-Orgues 2 541
49%
A Allassac 4 019
48%
B Beaulieu-sur-Dordogne 1 300
48%
N Naves 2 337
48%
D Donzenac 2 705
45%
(Les) T Les Trois-Saints 1 367
45%
T Treignac 1 263
45%
B Beynat 1 247
43%
L Larche 1 641
43%
C Collonges-la-Rouge 479
42%
A Aubazines 866
41%
M Meyssac 1 262
41%
S Seilhac 1 797
41%
N Neuvic 1 627
40%
B Bugeat 763
39%
L Lubersac 2 253
39%
V Varetz 2 462
39%
J Juillac 1 136
38%
Sᵗ Saint-Angel 699
37%
Sᵗ Saint-Germain-Lavolps 97
37%
Sᵗ Saint-Germain-les-Vergnes 1 140
37%
V Vigeois 1 288
37%
A Arnac-Pompadour 1 160
36%
C Cosnac 3 026
36%
L Laguenne-sur-Avalouze 1 553
36%
N Noailles 937
36%
P Perpezac-le-Blanc 442
36%
P Perpezac-le-Noir 1 239
36%
T Turenne 805
36%
L Lagarde-Marc-la-Tour 946
35%
Ste Sainte-Féréole 2 040
35%
Ste Sainte-Fortunade 1 788
35%
R Rosiers-d'Égletons 1 091
34%
R Rosiers-de-Juillac 173
34%
C Cornil 1 304
33%
G Gimel-les-Cascades 768
32%
Sᵗ Saint-Hilaire-Foissac 187
32%
Sᵗ Saint-Hilaire-les-Courbes 166
32%
Sᵗ Saint-Hilaire-Luc 65
32%
Sᵗ Saint-Hilaire-Peyroux 1 015
32%
Sᵗ Saint-Hilaire-Taurieux 100
32%
(La) C La Chapelle-aux-Brocs 442
31%
(La) C La Chapelle-aux-Saints 266
31%
(La) C La Chapelle-Saint-Géraud 197
31%
L Lapleau 373
31%
Sᵗ Saint-Pardoux-la-Croisille 175
31%
Sᵗ Saint-Pardoux-le-Neuf 79
31%
Sᵗ Saint-Pardoux-le-Vieux 294
31%
Sᵗ Saint-Pardoux-l'Ortigier 488
31%
Sᵗ Saint-Bonnet-Elvert 219
30%
Sᵗ Saint-Bonnet-la-Rivière 419
30%
Sᵗ Saint-Bonnet-l'Enfantier 419
30%
Sᵗ Saint-Bonnet-les-Tours-de-Merle 39
30%
Sᵗ Saint-Bonnet-près-Bort 189
30%
Sᵗ Saint-Clément 1 363
30%
C Chamberet 1 410
29%
C Chamboulive 1 164
29%
J Jugeals-Nazareth 954
29%
L Lanteuil 491
29%
M Marcillac-la-Croisille 830
29%
M Marcillac-la-Croze 174
29%
Sᵗ Saint-Julien-aux-Bois 440
29%
Sᵗ Saint-Julien-le-Pèlerin 118
29%
Sᵗ Saint-Julien-le-Vendômois 242
29%
Sᵗ Saint-Julien-Maumont 162
29%
Sᵗ Saint-Mexant 1 319
29%
V Voutezac 1 237
29%
M Masseret 658
27%
S Sadroc 989
27%
Sᵗ Saint-Viance 1 884
27%
Y Yssandon 687
27%
Sᵗ Saint-Robert 294
26%
A Albussac 735
25%
C Chameyrat 1 504
25%
Sᵗ Saint-Paul 236
25%
S Sornac 764
25%
A Altillac 826
24%
A Ayen 709
24%
C Cublac 1 726
24%
E Eygurande 690
24%
F Favars 1 122
24%
N Nespouls 639
24%
Sᵗ Saint-Chamant 492
24%
(La) R La Roche-Canillac 126
23%
L Lissac-sur-Couze 670
23%
M Millevaches 75
23%
S Sarran 275
23%
V Vignols 531
23%
A Aix 382
22%
C Chasteaux 750
22%
(Le) L Le Lonzac 818
22%
M Mansac 1 511
22%
M Mercœur 237
22%
M Montaignac-sur-Doustre 636
22%
Sᵗ Saint-Martial-de-Gimel 482
22%
Sᵗ Saint-Martial-Entraygues 99
22%
Sᵗ Saint-Martin-la-Méanne 338
22%
S Soursac 514
22%
B Bar 304
21%
E Eyrein 505
21%
M Merlines 712
21%
Sᵗ Saint-Privat 1 041
21%
T Tarnac 343
21%
C Condat-sur-Ganaveix 662
20%
F Forgès 255
20%
N Nonards 464
20%
P Peyrelevade 828
20%
Sᵗ Saint-Aulaire 764
20%
Sᵗ Saint-Jal 607
20%
Sᵗ Saint-Yrieix-le-Déjalat 333
20%
S Salon-la-Tour 675
20%
V Viam 85
20%
L Laroche-près-Feyt 73
19%
M Maussac 440
19%
Sᵗ Saint-Merd-de-Lapleau 180
19%
Sᵗ Saint-Merd-les-Oussines 116
19%
B Brignac-la-Plaine 967
18%
C Chaumeil 164
18%
C Concèze 386
18%
D Dampniat 701
18%
L Lagraulière 1 158
18%
L Liginiac 654
18%
R Rilhac-Treignac 115
18%
R Rilhac-Xaintrie 306
18%
Sᵗ Saint-Étienne-aux-Clos 246
18%
Sᵗ Saint-Étienne-la-Geneste 88
18%
S Ségur-le-Château 201
18%
T Toy-Viam 36
18%
A Affieux 367
17%
C Chanteix 635
17%
C Chirac-Bellevue 282
17%
C Clergoux 406
17%
G Goulles 330
17%
M Monceaux-sur-Dordogne 631
17%
Sᵗ Saint-Augustin 417
17%
Ste Sainte-Marie-Lapanouze 56
17%
V Vitrac-sur-Montane 255
17%
A Auriac 221
16%
L Lacelle 135
16%
(Les) A Les Angles-sur-Corrèze 126
16%
Sᵗ Saint-Priest-de-Gimel 477
16%
T Troche 541
16%
V Vars-sur-Roseix 398
16%
A Albignac 232
15%
A Ambrugeat 206
15%
C Champagnac-la-Noaille 223
15%
C Champagnac-la-Prune 149
15%
C Combressol 370
15%
C Curemonte 212
15%
D Darnets 315
15%
D Davignac 222
15%
E Estivaux 407
15%
L Lamazière-Basse 286
15%
L Lamazière-Haute 67
15%
O Orliac-de-Bar 259
15%
Sᵗ Saint-Cyr-la-Roche 464
15%
Sᵗ Saint-Exupéry-les-Roches 592
15%
Sᵗ Saint-Rémy 229
15%
S Sérandon 345
15%
E Eyburie 490
14%
G Gros-Chastang 187
14%
P Palisse 220
14%
Sᵗ Saint-Sornin-Lavolps 846
14%
S Sexcles 231
14%
A Astaillac 210
13%
B Beyssac 590
13%
C Chabrignac 536
13%
C Chanac-les-Mines 427
13%
C Chauffour-sur-Vell 414
13%
E Espagnac 382
13%
E Espartignac 410
13%
E Estivals 134
13%
H Hautefage 318
13%
L Lagleygeolle 223
13%
(Le) C Le Chastang 347
13%
M Madranges 176
13%
M Mestes 344
13%
M Moustier-Ventadour 440
13%
N Neuville 204
13%
N Noailhac 352
13%
R Roche-le-Peyroux 97
13%
S Saillac 205
13%
Sᵗ Saint-Cernin-de-Larche 661
13%
V Veix 71
13%
B Bassignac-le-Bas 83
12%
B Bassignac-le-Haut 155
12%
C Chartrier-Ferrière 361
12%
F Feyt 119
12%
G Gourdon-Murat 85
12%
M Meilhards 538
12%
O Orgnac-sur-Vézère 320
12%
P Pandrignes 163
12%
Sᵗ Saint-Cyprien 388
12%
Sᵗ Saint-Fréjoux 263
12%
Sᵗ Saint-Setiers 281
12%
Sᵗ Saint-Solve 453
12%
A Alleyrat 108
11%
B Beaumont 112
11%
B Beyssenac 356
11%
B Bonnefond 114
11%
C Camps-Saint-Mathurin-Léobazel 210
11%
C Chapelle-Spinasse 113
11%
C Chaveroche 276
11%
L Lascaux 225
11%
(L')É L'Église-aux-Bois 52
11%
L Lestards 114
11%
L Louignac 242
11%
M Margerides 296
11%
P Pérols-sur-Vézère 196
11%
R Reygade 186
11%
Sᵗ Saint-Bazile-de-Meyssac 132
11%
Sᵗ Saint-Sulpice-les-Bois 80
11%
S Sarroux - Saint Julien 860
11%
S Soudeilles 294
11%
B Bellechassagne 97
10%
L Lamongerie 121
10%
L Latronche 120
10%
(Le) P Le Pescher 335
10%
L Lignareix 163
10%
M Monestier-Merlines 282
10%
M Monestier-Port-Dieu 122
10%
P Palazinges 171
10%
P Peyrissac 117
10%
P Pierrefitte 93
10%
P Pradines 79
10%
P Puy-d'Arnac 292
10%
Sᵗ Saint-Geniez-ô-Merle 90
10%
Sᵗ Saint-Salvadour 303
10%
Sᵗ Saint-Sylvain 133
10%
Sᵗ Saint-Victour 194
10%
S Segonzac 210
10%
S Servières-le-Château 581
10%
T Thalamy 103
10%
B Benayes 220
9%
C Confolent-Port-Dieu 41
9%
C Couffy-sur-Sarsonne 69
9%
C Courteix 66
9%
L Ladignac-sur-Rondelles 407
9%
L Laval-sur-Luzège 102
9%
L Lostanges 151
9%
M Ménoire 134
9%
P Péret-Bel-Air 86
9%
S Soudaine-Lavinadière 144
9%
T Tudeils 258
9%
V Valiergues 148
9%
B Bilhac 249
8%
B Branceilles 277
8%
C Chavanac 49
8%
C Chenailler-Mascheix 212
8%
D Darazac 142
8%
G Grandsaigne 50
8%
G Gumond 97
8%
L Ligneyrac 297
8%
L Liourdres 261
8%
M Meyrignac-l'Église 62
8%
M Montgibaud 244
8%
Q Queyssac-les-Vignes 229
8%
Sᵗ Saint-Éloy-les-Tuileries 108
8%
S Sérilhac 273
8%
V Veyrières 80
8%
Sᵗ Saint-Cirgues-la-Loutre 171
7%
L Lafage-sur-Sombre 134
6%
S Sioniac 227
6%
V Végennes 176
6%
Aucun quiz correspondant
Distribution des résultats
% des personnes avec chaque résultat
Percentile par nombre de réponses
Votre historique - résultats
Vous n’avez pas pris ce quiz depuis la dernière actualisation